00501nam a2200181Ia 4500003000400000005001700004008004100021040000700062041000900069082001600078100007700094245007500171260002000246300001100266365001200277650001500289650001500304OSt20250916142943.0210719s1965 xx 000 0 und d cAL aTulu aT894.2 RAMI aRAMA KIRODIAN (B)dರಾಮ ಕಿರೋಡಿಯನ್ (ಬಿ ) aE pirayodla baravabಈ ಪಿರಯೋಡ್ಲ ಬರವಾ  aMangaluruc1965 a52bPB b0.6cRs aTulu Drama aTulu Drama